=LDR 00000nam 2200000 4500 =001 INLIS000000000034885 =005 20210119011102 =035 ##$$a 0010-061300000034885 =008 210119################g##########0#ind## =041 ##$$a ind =082 ##$$a 355.8 =090 ##$$a 355.8, Bry s =100 ##$$a Bryant, Anthony J =245 1#$$a Samurai 1550-1600 /$c Anthony J Bryant; Penerjemah, Hendarto Setiadi; Penyunting, Andya Primanda =250 ##$$a Seri Petarung =260 ##$$a Jakarta :$b Gramedia,$c 2008 =300 ##$$a vi,71 hlm. : $b ilus. ; $c 25 x 17 cm. =650 #4$$a Militer, Perlengkapan - Persediaan =700 #$$a Setiadi, Hendarto =850 ##$$a NBPNMAT =020 ##$$a 978-979-91-0110-5 =084 ##$$a 355.8 BRY s =990 ##$$a 0001/BPAP-NTB/20142015 =990 ##$$a 01201901742 =990 ##$$a 01201901743 =990 ##$$a 21010041 =990 ##$$a 01201901742 =990 ##$$a 01201901743 =990 ##$$a 21010041 =990 ##$$a 01201901742 =990 ##$$a 01201901743 =990 ##$$a 21010040 =990 ##$$a 21010041 =990 ##$$a 01201901743 =990 ##$$a 21010039 =990 ##$$a 21010041 =990 ##$$a 21010040 =990 ##$$a 06220622 =990 ##$$a 21010038 =990 ##$$a 21010041 =990 ##$$a 21010040 =990 ##$$a 21010039